| 000 | 01315cam a2200361 i 4500 | ||
|---|---|---|---|
| 001 | 20251734 | ||
| 003 | NUST | ||
| 005 | 20240304124342.0 | ||
| 008 | 180108t20192019nyua b 001 0 eng | ||
| 010 | _a 2018000717 | ||
| 020 |
_a9781138629226 _q(hardback) |
||
| 020 |
_a9781138629240 _q(pbk.) |
||
| 020 |
_z9781315210513 _q(ebook) |
||
| 040 |
_aDLC _beng _cDLC _erda _dDLC |
||
| 042 | _apcc | ||
| 050 | 0 | 0 |
_aTA658.2 _b.M32 2019 |
| 082 | 0 | 0 |
_a624.177 _223 _bMAC |
| 100 | 1 |
_aMacdonald, Angus, _d1945- _eauthor. _9121798 |
|
| 245 | 1 | 0 |
_aStructure and architecture / _cAngus J. Macdonald. |
| 250 | _aThird edition. | ||
| 264 | 1 |
_aAbingdon, Oxon ; _cNew York : _bRoutledge, Taylor & Francis Group, _c2019. |
|
| 264 | 4 | _c©2019 | |
| 300 |
_avii, 350 pages : _billustrations ( some color) ; _c26 cm |
||
| 336 |
_atext _btxt _2rdacontent |
||
| 337 |
_aunmediated _bn _2rdamedia |
||
| 338 |
_avolume _bnc _2rdacarrier |
||
| 504 | _aIncludes bibliographical references (pages 345-346) and index. | ||
| 650 | 0 | _aStructural design. | |
| 650 | 0 |
_aArchitectural design. _931720 |
|
| 906 |
_a7 _bcbc _corignew _d1 _eecip _f20 _gy-gencatlg |
||
| 942 |
_2ddc _cBK |
||
| 999 |
_c608538 _d608538 |
||